00281nam a2200109Ia 4500008004100000020001800041041000800059082001500067100002000082245002800102260004100130230717s9999 xx 000 0 und d a0-19-563819-0 aeng a181.4bRAD aRadhakrishnan S aIndian Philosophy Vol.1 aDelhibOxford University Pressc1923